| 000 | 00434 a2200181 4500 | ||
|---|---|---|---|
| 003 | Nust | ||
| 005 | 20230221162354.0 | ||
| 020 | _a81-242-009-9 | ||
| 040 | _cNust | ||
| 082 | _a603,GRA | ||
| 100 |
_aE. C. Graham _9100465 |
||
| 245 | _aEncyclopedia of scientific terms | ||
| 250 | _av-1 | ||
| 260 |
_aNew Delhi _bCrest publishing _c1997 |
||
| 300 | _a290p | ||
| 650 |
_aEncyclopedian scientific terms _9100466 |
||
| 942 |
_cREF _2ddc |
||
| 999 |
_c184399 _d184399 |
||